| 000 | 00470nam a2200169Ia 4500 | ||
|---|---|---|---|
| 003 | IN-BaIIA | ||
| 008 | 211028s9999 xx 000 0 eng d | ||
| 040 | _cIIA Library | ||
| 080 |
_a521.1 _bPOI-2 |
||
| 100 |
_aPoincare, H. _91506 |
||
| 245 | 0 |
_aLecons de mecanique celeste _bvol. II _cH. Poincare |
|
| 260 |
_aParis _bGauthier Villars _c1907 |
||
| 300 | _a165p. | ||
| 490 | _aCours de pa faculte des sciences de Paris | ||
| 650 | _aCelestial mechanics | ||
| 942 | _cBK | ||
| 999 |
_c707 _d707 |
||